000
00312nam a22001337a 4500
008
170608b xxu||||| |||| 00| 0 eng d
020
_a
9781557861269
041
_a
eng
080
_a
94(4)
100
_a
18
101
_a
SHH
245
_a
THE EMERGENCY OF THE MODERN EUROPEAN WORLD
_c
FOX, E.W
942
_2
udc
_c
BK
999
_c
16436
_d
16436